De la Semiología a la Clínica. (Registro nro. 2185)

Detalles MARC
000 -LEADER
fixed length control field 01267nam a2200301 a 4500
005 - FECHA ULTIMA MODIFICACION
control field 20240507104503.0
008 - CAMPO DE CONTROL (LIBRO)
fixed length control field 100806t2000||||ag a f |||| 001 0 spa d
020 ## - INTERNATIONAL STANDARD BOOK NUMBER
ISBN 9874317698
041 ## - CODIGO DE IDIOMA
Código de idioma del texto/pista de sonido o título separado spa
092 ## - SIGNATURA TOPOGRAFICA DEWEY LOCAL
número de clasificación 616
libristica 47
sección LAS
100 1# - ENTRADA PRINCIPAL--NOMBRE PERSONAL
Nombre personal Lasala, Fernando G.
9 (RLIN) 900
245 #6 - TITULO PROPIAMENTE DICHO
Título De la Semiología a la Clínica.
Subtítulo y Título paralelo Fasc.3 De la Semiología del Aparato Digestivo a la Clínica. Segunda parte: higado, vías biliares y páncreas /
Mención de responsabilidad y remanente de la transcripción de la portada Fernando G. Lasala
250 ## - MENCION DE EDICION
Mención de edición 1a ed.
260 ## - PIE DE IMPRENTA
Lugar de publicación, distribución, etc Buenos Aires:
Nombre de la editorial, distribuidor, etc S/E;
Fecha de publicación 2000.
300 ## - DESCRIPCION FISICA
Extension 93 p.
Otros detalles físicos il.
500 ## - NOTA GENERAL
Nota general Lasala, F. G. y Gennaro,O. (2000). De la semiología a la clínica. Fasc.3 De la semiología del aparato digestivo a la clínica. Segunda Parte: Hígado, vías biliares y páncreas. (1a ed.). Buenos Aires : S/E.
653 #4 - TÉRMINO INDIZADO - PALABRAS CLAVES
Palabra clave Las ictericias
653 #3 - TÉRMINO INDIZADO - PALABRAS CLAVES
Palabra clave El laboratorio en las enfermedades del hígado y de la vía biliar
653 ## - TÉRMINO INDIZADO - PALABRAS CLAVES
Palabra clave Síndrome de insuficiencia hepática
653 #3 - TÉRMINO INDIZADO - PALABRAS CLAVES
Palabra clave El síndrome de hipertensión portal
653 #3 - TÉRMINO INDIZADO - PALABRAS CLAVES
Palabra clave El paciente con ascitis
653 #3 - TÉRMINO INDIZADO - PALABRAS CLAVES
Palabra clave El síndrome de masa ocupante hepática
653 #4 - TÉRMINO INDIZADO - PALABRAS CLAVES
Palabra clave Los síndromes vesiculares
653 #3 - TÉRMINO INDIZADO - PALABRAS CLAVES
Palabra clave El paciente con colestasis
653 #4 - TÉRMINO INDIZADO - PALABRAS CLAVES
Palabra clave Los síndromes pancreáticos
700 1# - ENTRADAS SECUNDARIAS - NOMBRE PERSONAL
Nombre personal Gennaro,Orlando
9 (RLIN) 3769
942 ## - ADDED ENTRY ELEMENTS (KOHA)
Source of classification or shelving scheme Dewey Decimal Classification
Item type Libros
Existencias
Estado de retiro Existencia Fuente de clasificación Estado general No para prestamo Ubicación permanente ubicación actual Sala de ubicación Fecha de adquisición Fuente de adquisición Total Checkouts Número de clasificación Código de barras Date last seen Número de ejemplar Price effective from Koha tipo de elemento (item) Public note Date last borrowed
    Dewey Decimal Classification     Biblioteca Medicina Biblioteca Medicina Circulación 05/08/2015 Donación Agosto 2015.   616 47 LAS 3516 05/08/2015 Ej. 1 05/08/2015 Libros Donación Agosto 2015.  
    Dewey Decimal Classification     Biblioteca Medicina Biblioteca Medicina Circulación 10/02/2020 Donación, febrero 2020. 2 616 47 LAS 4606 20/04/2026 Ej. 2 10/02/2020 Libros Donación, febrero 2020. 09/04/2026

UNIVERSIDAD NACIONAL DEL COMAHUE
Biblioteca de la Facultad de Ciencias Médicas
Sede Toschi: Los Arrayanes y Av. Toschi, Cipolletti  - Rio Negro
Sede Los Tordos:  Yrigoyen al 2211, Cipolletti - Rio Negro 

Teléfono: 0299 - 4774707 int 25
Contacto: biblioteca@facimed.uncoma.edu.ar
© 2011 - 2026